[Event "Politiken Cup 2007"]
[Site "Helsingor"]
[Date "2007.07.22"]
[Round "2.47"]
[White "Sylvan, Jacob"]
[Black "Vigfusson, Vigfus"]
[Result "1/2-1/2"]
[WhiteElo "2281"]
[BlackElo "2059"]
[PlyCount "47"]
[EventDate "2007.??.??"]

1. e4 e5 2. Nf3 Nf6 3. Nxe5 d6 4. Nf3 Nxe4 5. Nc3 Nxc3 6. dxc3 Nc6 7. Bf4 Be7
8. Qd2 Bg4 9. O-O-O Qd7 10. Be2 O-O-O 11. h3 Bh5 12. g4 Bg6 13. Nd4 Bf6 14. Be3
Nxd4 15. Bxd4 Qa4 16. Kb1 Bxd4 17. cxd4 d5 18. Rhe1 Rd6 19. Bd3 Re8 20. b3 Qd7
21. Re5 f6 22. Bxg6 hxg6 23. Rxe8+ Qxe8 24. Re1 1/2-1/2

[Event "Politiken Cup 2007"]
[Site "Helsingor"]
[Date "2007.07.22"]
[Round "2.48"]
[White "Doran, Chris"]
[Black "Van Eijk, Sander"]
[Result "0-1"]
[WhiteElo "2060"]
[BlackElo "2274"]
[PlyCount "66"]
[EventDate "2007.??.??"]

1. e4 c5 2. Nf3 Nc6 3. d4 cxd4 4. Nxd4 Nf6 5. Nc3 d6 6. Bg5 e6 7. Qd2 a6 8.
O-O-O Bd7 9. f4 b5 10. e5 dxe5 11. Nxc6 Bxc6 12. Qe3 Qc7 13. fxe5 Nd7 14. Bf4
Bc5 15. Qg3 b4 16. Nd5 Qa5 17. Qxg7 O-O-O 18. Bg5 Bxd5 19. Rxd5 exd5 20. Bxd8
Rxd8 21. Kb1 b3 22. axb3 Qe1+ 23. Ka2 Kc7 24. Qxf7 Qxe5 25. Bd3 h6 26. Rd1 Rf8
27. Qh7 Rf6 28. Qg8 Bd4 29. c3 Bc5 30. g4 Rf2 31. Bxa6 Qxh2 32. Qc8+ Kd6 33.
Rb1 Rf8 0-1

[Event "Politiken Cup 2007"]
[Site "Helsingor"]
[Date "2007.07.22"]
[Round "2.51"]
[White "Schmied, Andreas"]
[Black "Skovgaard, Peter"]
[Result "1/2-1/2"]
[WhiteElo "2054"]
[BlackElo "2256"]
[PlyCount "72"]
[EventDate "2007.??.??"]

1. e4 c5 2. Nf3 e6 3. d4 cxd4 4. Nxd4 a6 5. Bd3 Bc5 6. Nb3 Be7 7. O-O d6 8. a4
b6 9. Nc3 Bb7 10. f4 Nd7 11. Qe2 Qc7 12. f5 e5 13. Nd5 Qd8 14. Nd2 Ngf6 15.
Nxf6+ Nxf6 16. Nc4 O-O 17. Bg5 Nd7 18. Bxe7 Qxe7 19. Ne3 Nf6 20. Ng4 Nxg4 21.
Qxg4 Qf6 22. Bc4 Rac8 23. Qe2 a5 24. Rad1 Rfd8 25. Bd5 Bxd5 26. Rxd5 Rc5 27.
Rfd1 Rxd5 28. Rxd5 h6 29. Qd3 Qg5 30. b3 Kh7 31. c4 h5 32. Qd2 Qh4 33. Qe3 Rd7
34. g3 Qg4 35. Kg2 h4 36. h3 Qxg3+ 1/2-1/2

[Event "Politiken Cup 2007"]
[Site "Helsingor"]
[Date "2007.07.22"]
[Round "2.52"]
[White "Teplyi, Igor"]
[Black "Akdag, Dara"]
[Result "0-1"]
[WhiteElo "2250"]
[BlackElo "2053"]
[PlyCount "72"]
[EventDate "2007.??.??"]

1. Nf3 Nf6 2. c4 c5 3. Nc3 e6 4. e3 d5 5. d4 Be7 6. Bd3 O-O 7. O-O b6 8. dxc5
bxc5 9. e4 dxe4 10. Nxe4 Nc6 11. Be3 Nxe4 12. Bxe4 Bb7 13. Qa4 Qb6 14. Rac1
Rfd8 15. Bb1 Nd4 16. Bxd4 cxd4 17. Ne5 Bg5 18. Rce1 Qxb2 19. Bxh7+ Kxh7 20.
Nxf7 Be3 21. Nxd8 Rxd8 22. Qb3 Qxb3 23. axb3 Bg5 24. Rxe6 d3 25. Rd1 Rd4 26. f3
d2 27. Kf2 Rd3 28. Re5 Bf4 29. Rh5+ Kg8 30. Rb5 Bc6 31. Rc5 Be8 32. Rc8 Kf8 33.
b4 Ke7 34. Ke2 Ba4 35. Ra8 Bxd1+ 36. Kxd1 Ra3 0-1

[Event "Politiken Cup 2007"]
[Site "Helsingor"]
[Date "2007.07.22"]
[Round "2.53"]
[White "Hansen, Anders"]
[Black "Coleman, Teddy"]
[Result "0-1"]
[WhiteElo "2053"]
[BlackElo "2248"]
[PlyCount "80"]
[EventDate "2007.??.??"]

1. d4 Nf6 2. c4 e6 3. Nf3 Bb4+ 4. Nbd2 O-O 5. a3 Be7 6. e4 d5 7. e5 Nfd7 8. b4
b6 9. Bb2 c5 10. Qb3 dxc4 11. Bxc4 cxb4 12. axb4 Nc6 13. Bc3 a5 14. b5 Nb4 15.
Bxb4 Bxb4 16. Qe3 Bb7 17. O-O Qe7 18. Ne4 Rfd8 19. Rad1 Nf8 20. Nfg5 h6 21. Nh3
Rac8 22. Bd3 Ba8 23. Nf4 Qb7 24. Nh5 Kh8 25. f3 Ng6 26. Kh1 Bf8 27. Rc1 Rxc1
28. Rxc1 Qd7 29. Nd6 Bxd6 30. exd6 Qxd6 31. Bxg6 fxg6 32. Nf4 g5 33. Ne2 Bd5
34. Kg1 a4 35. Kf2 a3 36. h4 gxh4 37. Rh1 a2 38. Qd3 Ra8 39. Qg6 a1=Q 40. Rxh4
Qf8 0-1

[Event "Politiken Cup 2007"]
[Site "Helsingor"]
[Date "2007.07.22"]
[Round "2.54"]
[White "Cannon, Raymond C"]
[Black "Bleis, Christian Dr"]
[Result "0-1"]
[WhiteElo "2050"]
[BlackElo "2246"]
[PlyCount "138"]
[EventDate "2007.??.??"]

1. e4 c6 2. Nc3 d5 3. Nf3 dxe4 4. Nxe4 Nd7 5. Qe2 Ndf6 6. d3 Nxe4 7. dxe4 e5 8.
Bd2 Bd6 9. O-O-O Qe7 10. Bg5 f6 11. Qd3 Bc7 12. Be3 Be6 13. Qc3 Bb6 14. Bxb6
axb6 15. Bc4 Bxc4 16. Qxc4 b5 17. Qb3 Nh6 18. h3 Qf7 19. Qxf7+ Nxf7 20. a3 Ke7
21. Rhe1 Ra4 22. Nd2 Rd8 23. f3 Ng5 24. Nb3 Rxd1+ 25. Kxd1 Ne6 26. Ke2 b6 27.
g3 h5 28. h4 c5 29. c3 Ra8 30. Rd1 Nc7 31. Rd2 Ne8 32. Kf2 Nd6 33. Rc2 g6 34.
Nd2 f5 35. exf5 gxf5 36. Nf1 Ke6 37. Ne3 f4 38. gxf4 exf4 39. Ng2 Rf8 40. Re2+
Kd5 41. Rd2+ Ke5 42. Re2+ Kf5 43. Rd2 Nc4 44. Rd5+ Ke6 45. Rxh5 Nxb2 46. Rh6+
Kd5 47. Rxb6 Kc4 48. h5 Nd1+ 49. Ke1 Nxc3 50. h6 Re8+ 51. Kf1 Nd5 52. Rd6 b4
53. axb4 cxb4 54. h7 b3 55. Rc6+ Kb5 56. Rd6 Kc5 57. Re6 Rh8 58. Ne1 Rxh7 59.
Nd3+ Kd4 60. Nb2 Rh1+ 61. Kg2 Ra1 62. Re4+ Kc3 63. Nc4 b2 64. Nxb2 Kxb2 65. Rd4
Ra5 66. Kh3 Kc3 67. Re4 Kd3 68. Kh4 Ra8 69. Re5 Kd4 0-1

[Event "Politiken Cup 2007"]
[Site "Helsingor"]
[Date "2007.07.22"]
[Round "2.55"]
[White "Roelvaag, Mikael"]
[Black "Markgraf, Claudia"]
[Result "1-0"]
[WhiteElo "2245"]
[BlackElo "2049"]
[PlyCount "85"]
[EventDate "2007.??.??"]

1. d4 Nf6 2. c4 c5 3. d5 b5 4. Nf3 bxc4 5. Nc3 d6 6. e4 g6 7. Nd2 Nbd7 8. Nxc4
Nb6 9. Ne3 Bg7 10. Bb5+ Bd7 11. Be2 O-O 12. g4 e5 13. h4 Ne8 14. Qc2 Bf6 15.
Ng2 Qc8 16. f3 Nc7 17. Bh6 Re8 18. Kf2 Rb8 19. Rh2 Na6 20. Qd2 c4 21. h5 Nc5
22. Rc1 Qa6 23. Ne3 Rec8 24. hxg6 hxg6 25. Nf5 Bxf5 26. gxf5 Nba4 27. Nxa4 Nxa4
28. b3 Qb6+ 29. Be3 Bg5 30. bxa4 Bxe3+ 31. Qxe3 Qxe3+ 32. Kxe3 Rb2 33. fxg6
fxg6 34. Rg2 Kf7 35. Bf1 Rb4 36. Rgc2 Rxa4 37. Bxc4 Rb4 38. Bb3 Rxc2 39. Rxc2
Rb7 40. Rc6 Ke7 41. Rc8 g5 42. Kf2 a6 43. Ra8 1-0

[Event "Politiken Cup 2007"]
[Site "Helsingor"]
[Date "2007.07.22"]
[Round "2.56"]
[White "Jorgensen, Arne Bjorn"]
[Black "Aabling-Thomsen, Jakob"]
[Result "0-1"]
[WhiteElo "2049"]
[BlackElo "2242"]
[PlyCount "82"]
[EventDate "2007.??.??"]

1. d4 Nf6 2. c4 g6 3. Nc3 Bg7 4. e4 d6 5. Nf3 O-O 6. h3 e5 7. d5 a5 8. Bg5 h6
9. Be3 Na6 10. Qd2 Nc5 11. Bxc5 dxc5 12. g4 Ne8 13. Bd3 Nd6 14. O-O-O a4 15. a3
Bd7 16. Ne1 Rb8 17. Ng2 b5 18. cxb5 c4 19. Be2 Bxb5 20. Ne3 Bf6 21. Qc2 Bg5 22.
Kb1 Qe7 23. Ka2 Bd7 24. Rhf1 Rb3 25. Rb1 Rfb8 26. Nxc4 Nxc4 27. Bxc4 Qc5 28.
Bd3 Be7 29. Ka1 Qd4 30. Ka2 R8b6 31. Rfd1 Bxa3 32. bxa3 Rxc3 33. Qd2 Qc5 34.
Rb4 Rxb4 35. axb4 Qxb4 36. Qb2 Rb3 37. Qc1 a3 38. Rd2 Ba4 39. Bf1 Rc3 40. Qb1
Bb3+ 41. Ka1 Qc5 0-1

[Event "Politiken Cup 2007"]
[Site "Helsingor"]
[Date "2007.07.22"]
[Round "2.57"]
[White "Hanssen, Gunnar Berg"]
[Black "Rosenkilde, Alexander"]
[Result "1-0"]
[WhiteElo "2242"]
[BlackElo "2047"]
[PlyCount "93"]
[EventDate "2007.??.??"]

1. Nf3 c5 2. c4 Nc6 3. g3 g6 4. Bg2 Bg7 5. O-O Nf6 6. Nc3 O-O 7. d4 cxd4 8.
Nxd4 Nxd4 9. Qxd4 d6 10. Qd3 Rb8 11. Rd1 Nd7 12. b3 a6 13. Bd2 Ne5 14. Qe3 b5
15. cxb5 axb5 16. Rac1 Be6 17. Qa7 Re8 18. Nd5 Bxd5 19. Bxd5 e6 20. Bg2 Re7 21.
Qa6 Rd7 22. Ba5 Qe7 23. Bb4 Bf8 24. Rc2 h5 25. Qa3 Qd8 26. Rcd2 d5 27. Bxf8
Qxf8 28. Qxf8+ Kxf8 29. e4 Rbd8 30. exd5 Ng4 31. d6 Rc8 32. a4 bxa4 33. bxa4
Nf6 34. a5 Ra7 35. a6 Rd8 36. Bb7 Nd5 37. Rxd5 exd5 38. Rxd5 Rd7 39. Kg2 Kg7
40. Kf3 Kf6 41. Ke4 Rd8 42. Kd4 Ke6 43. Kc5 f5 44. f4 Rb8 45. Re5+ Kd7 46. Bc6+
Kd8 47. Re8# 1-0

[Event "Politiken Cup 2007"]
[Site "Helsingor"]
[Date "2007.07.22"]
[Round "2.58"]
[White "Jensen, Ib"]
[Black "Nielsen, Lars Aaes"]
[Result "0-1"]
[WhiteElo "2047"]
[BlackElo "2242"]
[PlyCount "82"]
[EventDate "2007.??.??"]

1. d4 Nf6 2. Nf3 b6 3. Bf4 Bb7 4. e3 c5 5. c3 g6 6. Nbd2 Bg7 7. Bd3 O-O 8. e4
d6 9. Qe2 cxd4 10. cxd4 Nh5 11. Be3 e5 12. g3 exd4 13. Bxd4 Nc6 14. Bxg7 Nxg7
15. O-O Re8 16. Qe3 Qf6 17. Qh6 Ne6 18. Bc4 Ncd4 19. Nxd4 Qxd4 20. Rfe1 Qxb2
21. Rad1 Qg7 22. Qxg7+ Kxg7 23. Bb5 Re7 24. Re3 Nc5 25. Nb3 a6 26. Bc4 b5 27.
Bd5 Bxd5 28. Rxd5 Rxe4 29. Rxd6 Rxe3 30. fxe3 Nxb3 31. axb3 a5 32. Rd2 a4 33.
bxa4 bxa4 34. Kf2 a3 35. Ra2 Kf6 36. Ke2 Ke5 37. Kd3 h5 38. h3 Ra4 39. g4 h4
40. Ra1 a2 41. Kc3 Ke4 0-1

[Event "Politiken Cup 2007"]
[Site "Helsingor"]
[Date "2007.07.22"]
[Round "2.60"]
[White "Thomassen, Thomas"]
[Black "Andreasen, Per"]
[Result "1/2-1/2"]
[WhiteElo "2047"]
[BlackElo "2228"]
[PlyCount "20"]
[EventDate "2007.??.??"]

1. Nf3 d6 2. d4 Bg4 3. c4 c6 4. Nc3 Nd7 5. e4 e5 6. Be2 Be7 7. O-O Ngf6 8. Be3
O-O 9. Nd2 Bxe2 10. Qxe2 Re8 1/2-1/2

[Event "Politiken Cup 2007"]
[Site "Helsingor"]
[Date "2007.07.22"]
[Round "2.61"]
[White "Schultz-Pedersen, Jesper"]
[Black "Helgadottir, Sigridur Bjorg"]
[Result "1-0"]
[WhiteElo "2204"]
[BlackElo "1564"]
[PlyCount "59"]
[EventDate "2007.??.??"]

1. d4 Nf6 2. Bg5 e6 3. Nd2 d5 4. Ngf3 c5 5. e3 b6 6. c4 Be7 7. Rc1 Nbd7 8. dxc5
Nxc5 9. Bxf6 Bxf6 10. b4 Nd7 11. cxd5 exd5 12. Bb5 Bb7 13. O-O O-O 14. Qb3 Ne5
15. Nxe5 Bxe5 16. Nf3 Bf6 17. Rfd1 Rc8 18. Qd3 Qe7 19. a3 Rc7 20. Rxc7 Qxc7 21.
Qf5 Be7 22. Nd4 Rc8 23. g3 Qc3 24. Qd7 Qc7 25. Qg4 Bf8 26. h4 h6 27. h5 Qe5 28.
Nf5 Qe4 29. Nxh6+ Kh7 30. Bd3 1-0

[Event "Politiken Cup 2007"]
[Site "Helsingor"]
[Date "2007.07.22"]
[Round "2.62"]
[White "Almer, Julia"]
[Black "Christensen, Bo Garner"]
[Result "0-1"]
[WhiteElo "1932"]
[BlackElo "2223"]
[PlyCount "78"]
[EventDate "2007.??.??"]

1. e4 e5 2. Nf3 Nc6 3. Bb5 a6 4. Ba4 Nf6 5. O-O Be7 6. Re1 b5 7. Bb3 O-O 8. a4
Bb7 9. d3 b4 10. Nbd2 Bc5 11. h3 d5 12. exd5 Nxd5 13. Ne4 Ba7 14. Bg5 f6 15.
Bd2 Kh8 16. a5 f5 17. Neg5 Qd6 18. Nh4 g6 19. Ngf3 f4 20. Ng5 Nd4 21. Bxd5 Bxd5
22. Nhf3 Qc5 23. Nxd4 Qxd4 24. Qe2 Rf5 25. c3 Qxf2+ 26. Qxf2 Bxf2+ 27. Kxf2
Rxg5 28. Rg1 Kg7 29. cxb4 Rg3 30. Bc3 Kf6 31. Rad1 c6 32. Rde1 Re8 33. Rd1 Kf5
34. Rd2 g5 35. Rdd1 h5 36. Rd2 h4 37. Rdd1 f3 38. gxf3 Rxf3+ 39. Kg2 Rf4+ 0-1

[Event "Politiken Cup 2007"]
[Site "Helsingor"]
[Date "2007.07.22"]
[Round "2.63"]
[White "Ringoir, Tanguy"]
[Black "Guttulsrud, Odd Martin"]
[Result "1/2-1/2"]
[WhiteElo "2208"]
[BlackElo "1426"]
[PlyCount "83"]
[EventDate "2007.??.??"]

1. e4 c5 2. Nc3 d6 3. f4 Nc6 4. Nf3 Nf6 5. g3 g6 6. Bg2 Bg7 7. O-O O-O 8. d3
Rb8 9. h3 b5 10. Be3 b4 11. Ne2 Nd7 12. Qc1 Bb7 13. f5 Nce5 14. Bh6 d5 15. Bxg7
Kxg7 16. Nxe5 Nxe5 17. Qe3 Qd6 18. Rae1 dxe4 19. Bxe4 Bxe4 20. Qxe4 Nc6 21. Kh2
Rbc8 22. Nf4 Rc7 23. Rf2 Rd7 24. Ref1 Nd4 25. fxg6 hxg6 26. c3 bxc3 27. bxc3
Nf5 28. g4 Nh6 29. Kg2 e5 30. g5 exf4 31. gxh6+ Kxh6 32. Rxf4 Qxd3 33. Rh4+ Kg7
34. Qe5+ f6 35. Qxc5 Qd5+ 36. Qxd5 Rxd5 37. Ra4 Rf7 38. c4 Rc5 39. Rc1 Rfc7 40.
Kf2 Kh6 41. Rc3 Kg5 42. Kg3 1/2-1/2

[Event "Politiken Cup 2007"]
[Site "Helsingor"]
[Date "2007.07.22"]
[Round "2.64"]
[White "Rossen, Claus"]
[Black "Percivaldi, Martin"]
[Result "1-0"]
[WhiteElo "2200"]
[BlackElo "1000"]
[PlyCount "49"]
[EventDate "2007.??.??"]

1. e4 b6 2. d4 Bb7 3. Nc3 e6 4. Bd3 Nf6 5. f3 d5 6. e5 c5 7. exf6 Qxf6 8. Nge2
cxd4 9. Nxd4 Nc6 10. Bb5 Rc8 11. Be3 Bc5 12. Qd2 O-O 13. O-O-O a6 14. Bxc6 Bxc6
15. h4 e5 16. Nxc6 d4 17. Nxd4 exd4 18. Bxd4 Bxd4 19. Qxd4 Qxd4 20. Rxd4 Rfe8
21. Rhd1 h6 22. Re4 Rf8 23. Nd5 Rb8 24. Rg4 h5 25. Nf6+ 1-0

[Event "Politiken Cup 2007"]
[Site "Helsingor"]
[Date "2007.07.22"]
[Round "2.65"]
[White "Larsen, Tor Ketil"]
[Black "Christensen, Svend Ellegaard"]
[Result "0-1"]
[WhiteElo "1694"]
[BlackElo "2199"]
[PlyCount "74"]
[EventDate "2007.??.??"]

1. e4 c5 2. Nc3 e6 3. f4 Nc6 4. Nf3 d6 5. Bb5 Bd7 6. O-O Nge7 7. d3 a6 8. Bxc6
Nxc6 9. Bd2 Be7 10. a3 O-O 11. Qe1 b5 12. Ne2 a5 13. d4 cxd4 14. Nexd4 Nxd4 15.
Nxd4 Qb6 16. Be3 Qb7 17. Bd2 Bd8 18. Kh1 Bb6 19. Nf3 Rfc8 20. Be3 b4 21. axb4
axb4 22. Rxa8 Rxa8 23. Bd4 Bb5 24. Rf2 Bxd4 25. Nxd4 Qxe4 26. Rf1 Qxd4 27. c3
Qc4 28. Rf3 Qe2 29. Qc1 b3 30. c4 Bxc4 31. h3 Qc2 32. Qe3 Qxb2 33. f5 Ra1+ 34.
Kh2 Qe5+ 35. Rg3 Qxe3 36. Rxe3 b2 37. fxe6 fxe6 0-1

[Event "Politiken Cup 2007"]
[Site "Helsingor"]
[Date "2007.07.22"]
[Round "2.66"]
[White "Hobber, Anders"]
[Black "Khenkin, Igor"]
[Result "0-1"]
[WhiteElo "1954"]
[BlackElo "2602"]
[PlyCount "60"]
[EventDate "2007.??.??"]

1. e4 c6 2. d4 d5 3. exd5 cxd5 4. Nf3 Nc6 5. c3 g6 6. Bf4 Nf6 7. Bd3 Bg7 8. O-O
O-O 9. Re1 Nh5 10. Be3 Qd6 11. h3 Nf4 12. Bxf4 Qxf4 13. Qd2 Qd6 14. Na3 a6 15.
Nc2 Bd7 16. Rad1 b5 17. Qe2 e6 18. Ne5 Nxe5 19. dxe5 Qb6 20. Nd4 b4 21. Bc2
bxc3 22. bxc3 Rfc8 23. Rd3 Qa5 24. Qe3 Qxa2 25. Bb3 Qa5 26. Rc1 Rc7 27. Qf4
Rac8 28. Rf3 Be8 29. Qe3 Rc5 30. h4 Qc7 0-1

[Event "Politiken Cup 2007"]
[Site "Helsingor"]
[Date "2007.07.22"]
[Round "2.67"]
[White "Arvola, Benjamin"]
[Black "Lund, Esben"]
[Result "0-1"]
[WhiteElo "2022"]
[BlackElo "2396"]
[PlyCount "114"]
[EventDate "2007.??.??"]

1. d4 Nf6 2. c4 e6 3. Nf3 d5 4. Nc3 Be7 5. Bg5 h6 6. Bh4 O-O 7. e3 b6 8. cxd5
exd5 9. Bd3 Bb7 10. O-O Nbd7 11. Rc1 c5 12. Qe2 Ne4 13. Bxe7 Qxe7 14. Ba6 Ndf6
15. Bxb7 Qxb7 16. dxc5 bxc5 17. Nd2 Nxc3 18. bxc3 Qb2 19. Qd3 c4 20. Qc2 Rab8
21. Rfd1 Qxc2 22. Rxc2 Rb5 23. f3 Rfb8 24. e4 dxe4 25. Nxe4 Nxe4 26. fxe4 Rb1
27. Rcd2 Kf8 28. Rd8+ Ke7 29. Rxb8 Rxd1+ 30. Kf2 Rd2+ 31. Kf3 Rd3+ 32. Ke2 Rxc3
33. Rb7+ Ke6 34. Rxa7 g5 35. Ra5 Rc2+ 36. Kf3 f6 37. a4 Ra2 38. h3 Ra3+ 39. Kf2
c3 40. Ke3 c2+ 41. Kd2 Rc3 42. Kc1 Rc4 43. Rd5 Rxe4 44. Rd2 Rxa4 45. Rxc2 Rd4
46. Re2+ Kf5 47. Rf2+ Kg6 48. Kc2 h5 49. Kc3 Rd6 50. g4 Ra6 51. gxh5+ Kxh5 52.
Kd4 Kh4 53. Rf3 Ra4+ 54. Kd5 Rf4 55. Ra3 Rf1 56. Ke6 f5 57. Kf6 g4 0-1

[Event "Politiken Cup 2007"]
[Site "Helsingor"]
[Date "2007.07.22"]
[Round "2.68"]
[White "Hagen, Andreas Skytte"]
[Black "Nielsen, Palle"]
[Result "1-0"]
[WhiteElo "2256"]
[BlackElo "1877"]
[PlyCount "89"]
[EventDate "2007.??.??"]

1. Nf3 Nc6 2. d4 d5 3. c4 e6 4. Nc3 Nf6 5. Bg5 Be7 6. e3 h6 7. Bh4 O-O 8. Rc1
Nh7 9. Bg3 a6 10. a3 Ng5 11. Bd3 f5 12. cxd5 exd5 13. Nxd5 Bd6 14. Bxd6 Qxd6
15. Nf4 Ne4 16. Qb3+ Kh7 17. h4 Qf6 18. Bxe4 fxe4 19. Ng5+ Kh8 20. Nxe4 Qf5 21.
Ng3 Qg4 22. Qd1 Rxf4 23. exf4 Qxf4 24. Qd2 Qf6 25. O-O Be6 26. Rfe1 Bd5 27. Nf1
Rd8 28. Ne3 Bf7 29. Ng4 Qxh4 30. Ne5 Nxe5 31. Rxe5 Rxd4 32. Qe2 Bd5 33. f3 Bc6
34. Re1 Rd8 35. Re7 Qd4+ 36. Qf2 Qxf2+ 37. Kxf2 Rd2+ 38. R1e2 Rxe2+ 39. Kxe2
Kh7 40. Rxc7 Kg6 41. b4 Kf6 42. Ke3 g6 43. Kd4 Ke6 44. Kc5 g5 45. Rh7 1-0

[Event "Politiken Cup 2007"]
[Site "Helsingor"]
[Date "2007.07.22"]
[Round "2.69"]
[White "Hvenekilde, Jorgen"]
[Black "Korley, Kassa"]
[Result "1/2-1/2"]
[WhiteElo "2239"]
[BlackElo "1900"]
[PlyCount "42"]
[EventDate "2007.??.??"]

1. d4 Nf6 2. Nf3 e6 3. Bf4 b6 4. e3 Be7 5. h3 Bb7 6. Nbd2 c5 7. Bd3 d5 8. c3
O-O 9. Qe2 Ne4 10. Rd1 f5 11. Ne5 Nd7 12. Nf1 g5 13. Nxd7 Qxd7 14. Be5 Bf6 15.
f3 Nd6 16. Bxf6 Rxf6 17. Kd2 Qa4 18. a3 Rc8 19. h4 g4 20. fxg4 Ne4+ 21. Ke1
fxg4 1/2-1/2

[Event "Politiken Cup 2007"]
[Site "Helsingor"]
[Date "2007.07.22"]
[Round "2.70"]
[White "Palsson, Svanberg Mar"]
[Black "Molvig, Henrik"]
[Result "1/2-1/2"]
[WhiteElo "1817"]
[BlackElo "2215"]
[PlyCount "78"]
[EventDate "2007.??.??"]

1. d4 d5 2. c4 c6 3. Nf3 Nf6 4. cxd5 cxd5 5. Nc3 Nc6 6. Bf4 a6 7. Ne5 e6 8. e3
Nxe5 9. dxe5 Nd7 10. Qa4 Be7 11. Bd3 O-O 12. Qc2 h6 13. g4 b5 14. h4 Bxh4 15.
Bh7+ Kh8 16. g5 Bxg5 17. O-O-O Bxf4 18. exf4 f5 19. Bg6 Qe7 20. f3 Rg8 21. Rh3
Nxe5 22. Qg2 Nxg6 23. Qxg6 Ra7 24. Rdh1 Qf7 25. Rxh6+ gxh6 26. Rxh6+ Qh7 27.
Rxh7+ Rxh7 28. Qf6+ Rgg7 29. Ne2 Rh2 30. Kd2 Kh7 31. Ke3 Bd7 32. Nc1 Rh6 33.
Qd8 Bc6 34. Nd3 d4+ 35. Qxd4 Bd5 36. Ne5 Rh2 37. Qc5 Rxb2 38. Qf8 Rxa2 39. Nf7
Rxf7 1/2-1/2

[Event "Politiken Cup 2007"]
[Site "Helsingor"]
[Date "2007.07.22"]
[Round "2.71"]
[White "Brorsen, Jacob Abildlund"]
[Black "Dalberg, Preben"]
[Result "1-0"]
[WhiteElo "1818"]
[BlackElo "2205"]
[PlyCount "57"]
[EventDate "2007.??.??"]

1. f4 Nf6 2. Nf3 g6 3. g3 Bg7 4. Bg2 O-O 5. O-O d6 6. d3 c5 7. c3 Nc6 8. e4 e5
9. a4 Nh5 10. f5 Nf6 11. Nh4 b6 12. Na3 Rb8 13. Qe2 a6 14. g4 Ne8 15. Nf3 Nc7
16. Bg5 f6 17. Be3 g5 18. d4 exd4 19. cxd4 Re8 20. dxc5 bxc5 21. Rad1 Qe7 22.
Nc4 Rd8 23. Rfe1 d5 24. exd5 Nxd5 25. Bf2 Qxe2 26. Rxe2 Nf4 27. Rxd8+ Nxd8 28.
Re8+ Kf7 29. Nd6# 1-0

[Event "Politiken Cup 2007"]
[Site "Helsingor"]
[Date "2007.07.22"]
[Round "2.73"]
[White "Leszczynski, Krzysztof"]
[Black "Persson, Borje"]
[Result "1-0"]
[WhiteElo "2180"]
[BlackElo "1804"]
[PlyCount "167"]
[EventDate "2007.??.??"]

1. d4 Nf6 2. c4 e6 3. Nc3 Bb4 4. Qc2 O-O 5. a3 Bxc3+ 6. Qxc3 b6 7. Bg5 Bb7 8.
Nf3 h6 9. Bh4 d6 10. e3 Nbd7 11. b4 a5 12. b5 g5 13. Bg3 Ne4 14. Qc2 f5 15. Nd2
Nxg3 16. hxg3 Qf6 17. Rd1 Kg7 18. Nf3 g4 19. Nd2 Rae8 20. Nb3 Be4 21. Qd2 Ba8
22. Nc1 e5 23. d5 Bb7 24. Bd3 Bc8 25. Bc2 Nc5 26. Nb3 Nxb3 27. Bxb3 e4 28. Qd4
Bd7 29. Qxf6+ Rxf6 30. Kd2 Re5 31. Kc3 Rf8 32. Kd4 Re7 33. Bc2 Rf6 34. Rdf1 Rf8
35. Rh4 Rf6 36. Rfh1 Be8 37. Bd1 Rg6 38. Be2 Rf6 39. Rf1 h5 40. Bd1 Kg6 41. Bc2
Kg5 42. Rhh1 Bg6 43. f3 exf3 44. gxf3 Rff7 45. Rf2 Re8 46. Rhf1 Rfe7 47. f4+
Kf6 48. Re1 Bh7 49. Rh2 Bg6 50. Bd3 Kf7 51. Bf1 Re4+ 52. Kd3 R4e7 53. Bg2 Kf6
54. Re2 Kf7 55. Rh1 Kf6 56. Kd4 Rh8 57. Kd3 Rhe8 58. Rhe1 Bh7 59. Kd4 Bg6 60.
Rb2 Bh7 61. Rb3 Bg6 62. Rd3 Bh7 63. Kc3 Bg6 64. Kd2 Bh7 65. Rb1 Rd8 66. Rb2 Bg6
67. Ke2 Bh7 68. Kf2 Bg6 69. Rbd2 Red7 70. Rd4 Bh7 71. e4 fxe4 72. Bxe4 Re8 73.
Bxh7 Rxh7 74. R4d3 Rhe7 75. Rb2 Re4 76. c5 dxc5 77. d6 cxd6 78. Rxd6+ R8e6 79.
Rc6 Re3 80. Rd2 Rxa3 81. Re2 Rf3+ 82. Kg2 Rb3 83. Rcxe6+ Kf7 84. Rxb6 1-0

[Event "Politiken Cup 2007"]
[Site "Helsingor"]
[Date "2007.07.22"]
[Round "2.74"]
[White "van Veelen, Jouke"]
[Black "Brondum, Eric"]
[Result "0-1"]
[WhiteElo "1565"]
[BlackElo "2169"]
[PlyCount "64"]
[EventDate "2007.??.??"]

1. Nf3 g6 2. c4 Bg7 3. g3 d6 4. Bg2 Nf6 5. O-O e5 6. Nc3 Nc6 7. d4 O-O 8. dxe5
dxe5 9. Nd5 h6 10. Nd2 Nd4 11. Nb3 c6 12. Nc3 Be6 13. e3 Nxb3 14. axb3 Qe7 15.
e4 a6 16. Be3 b5 17. Qe2 Qb4 18. f4 Qxb3 19. Ra3 Qxc4 20. Qf3 b4 21. Ra5 bxc3
22. Rc5 Qb3 23. Rxc3 Qxb2 24. Bc1 Qb4 25. Ba3 Qd4+ 26. Kh1 Bg4 27. Qe3 Qxe3 28.
Rxe3 Rfd8 29. Be7 Rd1 30. fxe5 Rxf1+ 31. Bxf1 Nd7 32. h3 Be6 0-1

[Event "Politiken Cup 2007"]
[Site "Helsingor"]
[Date "2007.07.22"]
[Round "2.75"]
[White "Helmers, Wim"]
[Black "Svane, Rasmus"]
[Result "1-0"]
[WhiteElo "2142"]
[BlackElo "1617"]
[PlyCount "75"]
[EventDate "2007.??.??"]

1. d4 Nf6 2. c4 g6 3. Nc3 d5 4. Nf3 Bg7 5. Bg5 c6 6. e3 O-O 7. Qb3 e6 8. Be2
Nbd7 9. O-O Qa5 10. Bf4 h6 11. Rad1 Qb6 12. Qc2 Re8 13. h3 Qd8 14. Rfe1 dxc4
15. Bxc4 Nb6 16. Bb3 Nbd5 17. Bh2 Qa5 18. Na4 b6 19. Ne5 Bb7 20. a3 Rad8 21. e4
Ne7 22. Nc4 Qa6 23. Nd6 Rf8 24. Bc4 b5 25. Nc5 Qb6 26. Ncxb7 bxc4 27. Nxd8 Rxd8
28. Nxc4 Qb5 29. b4 Qg5 30. Ne5 Nh5 31. Nf3 Qb5 32. Qc5 Qb7 33. Be5 Bf8 34. Qa5
Rd7 35. g4 Ng7 36. Bg3 Nc8 37. Ne5 Re7 38. Rc1 1-0

[Event "Politiken Cup 2007"]
[Site "Helsingor"]
[Date "2007.07.22"]
[Round "2.76"]
[White "Christensen, Janus"]
[Black "Eiholt, Bjarne"]
[Result "1-0"]
[WhiteElo "2137"]
[BlackElo "1647"]
[PlyCount "119"]
[EventDate "2007.??.??"]

1. e4 c6 2. d4 d5 3. Nc3 dxe4 4. Nxe4 Bf5 5. Ng3 Bg6 6. Nf3 Nd7 7. h4 h6 8. h5
Bh7 9. Bd3 Bxd3 10. Qxd3 Ngf6 11. Bf4 Qa5+ 12. Bd2 Qc7 13. O-O-O e6 14. Rhe1
O-O-O 15. Qb3 Bd6 16. Qa4 Kb8 17. Ne5 Bxe5 18. dxe5 Nd5 19. f4 Ne7 20. Be3 Nb6
21. Qe4 Nbd5 22. Bc5 Nc8 23. f5 Qa5 24. Ba3 Nc3 25. bxc3 Qxa3+ 26. Kb1 Qxc3 27.
Ne2 exf5 28. Nxc3 fxe4 29. Rxd8 Rxd8 30. Rxe4 Rd2 31. Rg4 Rf2 32. Rxg7 Rf5 33.
g4 Rxe5 34. Rxf7 Rg5 35. Rf6 Rxg4 36. Rxh6 Rh4 37. Rh8 Kc7 38. h6 Ne7 39. h7
Kd7 40. Ne4 Ke6 41. Re8 Rxh7 42. Ra8 Rh5 43. Rxa7 Rb5+ 44. Kc1 Nc8 45. Rxb7
Rxb7 46. Nc5+ Kd6 47. Nxb7+ Kc7 48. Nc5 Kb6 49. Ne6 Nd6 50. Kb2 Ka5 51. Kb3 Kb6
52. Kb4 Nb7 53. a4 c5+ 54. Kc4 Kc6 55. Nf4 Na5+ 56. Kc3 Kd6 57. Nd3 Kc6 58. Nc1
c4 59. Kb4 Kb6 60. Ne2 1-0

[Event "Politiken Cup 2007"]
[Site "Helsingor"]
[Date "2007.07.22"]
[Round "2.77"]
[White "Søndergaard, Thomas"]
[Black "Nielsen, Carsten Juul"]
[Result "0-1"]
[WhiteElo "1778"]
[BlackElo "2115"]
[PlyCount "46"]
[EventDate "2007.??.??"]

1. e4 Nc6 2. Nc3 Nf6 3. f4 d5 4. e5 Ng8 5. Nf3 Bf5 6. d3 e6 7. Bd2 h5 8. g3 Be7
9. h3 Nh6 10. Bg2 Bg6 11. O-O Bc5+ 12. Kh2 Ng4+ 13. Kh1 Nf2+ 14. Rxf2 Bxf2 15.
Ne2 Bc5 16. Nh4 Qd7 17. Nxg6 fxg6 18. h4 Ne7 19. b4 Bb6 20. a4 a5 21. b5 Nf5
22. Qc1 Qe7 23. c4 Nxg3+ 0-1

[Event "Politiken Cup 2007"]
[Site "Helsingor"]
[Date "2007.07.22"]
[Round "2.78"]
[White "Jorgensen, Dennis"]
[Black "Aanstad, Magnus"]
[Result "1/2-1/2"]
[WhiteElo "2190"]
[BlackElo "1818"]
[PlyCount "111"]
[EventDate "2007.??.??"]

1. d4 Nf6 2. Nf3 c5 3. d5 b5 4. Bg5 Ne4 5. Bf4 Qa5+ 6. c3 d6 7. e3 g6 8. Qd3 a6
9. Nbd2 Nxd2 10. Nxd2 Bg7 11. Be2 Nd7 12. O-O Bb7 13. e4 O-O 14. Qh3 Nf6 15.
Bh6 Qa4 16. Bd1 Qa5 17. Bc2 Rfe8 18. Bxg7 Kxg7 19. f4 Qc7 20. Rae1 c4 21. Nf3
Rad8 22. Kh1 Qc8 23. f5 h6 24. Nd4 g5 25. Re3 Rh8 26. Qg3 Rdg8 27. Ree1 Re8 28.
Rf3 Qc5 29. Ref1 Bc8 30. h3 Reg8 31. Qe1 Nd7 32. Nc6 Re8 33. Qg3 f6 34. Nd4 Ne5
35. Re3 Reg8 36. Bd1 h5 37. Be2 Kf7 38. Qe1 h4 39. Qd1 Rh7 40. Bh5+ Kf8 41. a4
bxa4 42. Bg6 Nxg6 43. fxg6 Rxg6 44. Qxa4 g4 45. hxg4 Rxg4 46. Qc6 Qxc6 47. Nxc6
Ke8 48. Nd4 Rh5 49. Kh2 Re5 50. Rfe1 Rf4 51. Nc6 Rg5 52. R1e2 Rf1 53. Nd4 Bg4
54. Rd2 Ra1 55. Rf2 Ra2 56. Re1 1/2-1/2